000 00699nam a2200181Ia 4500
008 100920s9999 xx 000 0 und d
082 _b106197
_a891.43 न 09
100 _aनिरुपमा.
245 _aनारी शिक्षा,साधन और स्वास्थ्य.
260 _bअनुपम प्रकाशन दिल्ली.
_c2009
300 _a160
_bसाधी
365 _b225
520 _aहिंदी.
630 _aनारी शिक्षा,साधन और स्वास्थ्य.
650 _aहिंदी.
730 _aनारी शिक्षा,साधन और स्वास्थ्य.
942 _cBOOK
999 _c746628
_d746625